[Event "NOE Landesliga 2019/20"]
[Site "verschiedene"]
[Date "2019.11.24"]
[Round "4"]
[Board "2"]
[White "Batyte, Daiva"]
[Black "Teuber, Andreas"]
[Result "1-0"]
[WhiteElo "2167"]
[BlackElo "2116"]
[PlyCount "59"]
[EventDate "2019.09.22"]
[EventType "team"]
[EventRounds "9"]
[EventCountry "AUT"]
[WhiteTeam "SV Stockerau"]
[BlackTeam "SGM Mistelbach/Altlichtenwarth"]

1. Nf3 d5 2. g3 Nf6 3. Bg2 Bg4 4. c4 e6 5. Qb3 Qc8 6. Ne5 c6 7. Nxg4 Nxg4 8.
O-O Nd7 9. d4 Be7 10. Nc3 O-O 11. e4 e5 12. exd5 exd4 13. Ne2 Nc5 14. Qd1 d3
15. Nf4 Ne5 16. Re1 Bf6 17. Nh5 Qf5 18. Nxf6+ gxf6 19. Be3 d2 20. Qxd2 Nxc4 21.
Qd4 Nxe3 22. Rxe3 b6 23. b4 Nd7 24. dxc6 Ne5 25. Qh4 Ng4 26. Rf3 Qg5 27. Qxg5+
fxg5 28. Rc1 Rac8 29. c7 Rfe8 30. Rfc3  1-0

[Event "NOE Landesliga 2019/20"]
[Site "verschiedene"]
[Date "2019.11.24"]
[Round "4"]
[Board "3"]
[White "Hajek, Oskar"]
[Black "Schmid, Thomas"]
[Result "1-0"]
[WhiteElo "2166"]
[BlackElo "2109"]
[PlyCount "95"]
[EventDate "2019.09.22"]
[EventType "team"]
[EventRounds "9"]
[EventCountry "AUT"]
[WhiteTeam "SGM Mistelbach/Altlichtenwarth"]
[BlackTeam "SV Stockerau"]

1. e4 c5 2. Nf3 d6 3. d4 cxd4 4. Qxd4 Nc6 5. Bb5 Bd7 6. Bxc6 Bxc6 7. Nc3 Nf6 8.
Bg5 e6 9. O-O-O Be7 10. Rhe1 O-O 11. Kb1 Qc7 12. Qd2 Rfc8 13. Nd4 b5 14. Nxc6
Qxc6 15. f3 a5 16. g4 a4 17. Ne2 a3 18. Bxf6 Bxf6 19. b3 g6 20. Qd3 Qc5 21. Rd2
b4 22. Qxd6 Qf2 23. Qg3 Qe3 24. Rd7 Bc3 25. Qg1 Qxf3 26. Qf1 Qxf1 27. Rxf1 Be5
28. h4 f6 29. Nd4 Ra6 30. Nf3 Bc3 31. h5 Rac6 32. hxg6 hxg6 33. Nh4 R6c7 34.
Rfd1 Rxd7 35. Rxd7 Rc5 36. Nf3 f5 37. Ng5 fxg4 38. Rd8+ Kg7 39. Nxe6+ Kf7 40.
Nxc5 g3 41. Rd3 g2 42. Rg3 Bd4 43. Rxg2 Bxc5 44. Kc1 Be3+ 45. Kd1 g5 46. Ke2
Bf4 47. Kf3 Ke6 48. Rg1  1-0

[Event "NOE Landesliga 2019/20"]
[Site "verschiedene"]
[Date "2019.11.24"]
[Round "4"]
[Board "4"]
[White "Khachatouri, Saro"]
[Black "Pribitzer, Stefan"]
[Result "1-0"]
[WhiteElo "2005"]
[BlackElo "2032"]
[PlyCount "135"]
[EventDate "2019.09.22"]
[EventType "team"]
[EventRounds "9"]
[EventCountry "AUT"]
[WhiteTeam "SV Stockerau"]
[BlackTeam "SGM Mistelbach/Altlichtenwarth"]

1. e4 e5 2. Nf3 Nc6 3. g3 Nf6 4. d3 Bc5 5. Bg2 d6 6. c3 a6 7. O-O Ba7 8. Nbd2
O-O 9. Nc4 Be6 10. Ne3 Qd7 11. Ng5 Rad8 12. b4 d5 13. Nxe6 fxe6 14. Qb3 Qf7 15.
Bb2 d4 16. cxd4 exd4 17. Bh3 Rfe8 18. Nc4 Qh5 19. Bg2 Kh8 20. Rac1 Qb5 21. Ba3
Qh5 22. Bb2 Bb8 23. a4 b5 24. axb5 axb5 25. Na3 Ne5 26. Rc5 Nf3+ 27. Bxf3 Qxf3
28. Qd1 Qxd1 29. Rxd1 Rf8 30. Nxb5 Ng4 31. Rd2 Rf7 32. h3 c6 33. Nxd4 Ne5 34.
Nxc6 Nf3+ 35. Kg2 Rxd3 36. Ne5 Rf8 37. Nxf3 Rdxf3 38. Rc3 R3f7 39. Rcc2 Rb7 40.
Rc4 Rbf7 41. f4 h5 42. h4 Kh7 43. Rc5 Kh6 44. Rdc2 Rb7 45. b5 Rd8 46. Bc1 Bd6
47. Rc6 Rxb5 48. Rd2 Rb1 49. Rcxd6 Rxd6 50. Rxd6 Rxc1 51. Rxe6+ Kh7 52. f5 Rc3
53. Kf2 Ra3 54. Rd6 Rb3 55. Rg6 Ra3 56. Kg2 Re3 57. Re6 Ra3 58. Kf2 Rb3 59. Re7
Kh6 60. Rd7 Ra3 61. Rd2 Rb3 62. Re2 Rb6 63. e5 Rb8 64. Kf3 Ra8 65. e6 Kh7 66.
Kf4 Kh6 67. e7 Re8 68. Re6+  1-0

[Event "NOE Landesliga 2019/20"]
[Site "verschiedene"]
[Date "2020.01.12"]
[Round "5"]
[Board "2"]
[White "Schroll, Gerhard"]
[Black "Wetscherek, Gerhard"]
[Result "1-0"]
[WhiteElo "2317"]
[BlackElo "2097"]
[PlyCount "77"]
[EventDate "2019.09.22"]
[EventType "team"]
[EventRounds "9"]
[EventCountry "AUT"]
[WhiteTeam "ASK Kottingbrunn"]
[BlackTeam "SGM Bisamberg/Korneuburg"]

1. e4 d6 2. d4 g6 3. Nf3 Bg4 4. Bc4 Nf6 5. h3 Bxf3 6. Qxf3 Nbd7 7. Qb3 e6 8.
Qxb7 Bg7 9. Nd2 O-O 10. O-O e5 11. dxe5 Nxe5 12. Qa6 Nxc4 13. Qxc4 d5 14. exd5
Qxd5 15. Qxd5 Nxd5 16. Nc4 Rfe8 17. Rd1 c6 18. Rb1 Re2 19. Bd2 Bd4 20. Be1 Rae8
21. Kf1 Bc5 22. c3 R2e4 23. Na5 Rf4 24. Rd2 Re6 25. Re2 Ref6 26. c4 Ne3+ 27.
Kg1 Nf5 28. b4 Bd4 29. Bd2 Rh4 30. Bg5 Rh5 31. Bxf6 Bxf6 32. Nxc6 Nd6 33. c5
Nb5 34. Rd1 Kg7 35. Rd7 Nc3 36. Rc2 Rf5 37. Nd4 Rd5 38. Rxd5 Nxd5 39. Nc6  1-0

[Event "NOE Landesliga 2019/20"]
[Site "verschiedene"]
[Date "2020.01.12"]
[Round "5"]
[Board "3"]
[White "Seidler, Dieter"]
[Black "Wirius, Johannes"]
[Result "0-1"]
[WhiteElo "1931"]
[BlackElo "2147"]
[PlyCount "50"]
[EventDate "2019.09.22"]
[EventType "team"]
[EventRounds "9"]
[EventCountry "AUT"]
[WhiteTeam "SGM Bisamberg/Korneuburg"]
[BlackTeam "ASK Kottingbrunn"]

1. d4 Nf6 2. c4 e6 3. Nf3 d5 4. e3 c6 5. Nc3 Bd6 6. Bd3 Nbd7 7. O-O O-O 8. b3
e5 9. cxd5 cxd5 10. dxe5 Nxe5 11. Be2 Nxf3+ 12. Bxf3 Bxh2+ 13. Kxh2 Qc7+ 14.
Kg1 Qxc3 15. Ba3 Re8 16. Rc1 Qe5 17. Qd4 Qxd4 18. exd4 Bd7 19. Rfe1 Bc6 20. Re5
Ne4 21. Be2 f6 22. Rxe8+ Rxe8 23. Bd3 Ng5 24. Kf1 Ne6 25. Bc5 Nf4  0-1

[Event "NOE Landesliga 2019/20"]
[Site "verschiedene"]
[Date "2020.01.12"]
[Round "5"]
[Board "4"]
[White "Lechner, Daniel"]
[Black "Merei, David"]
[Result "1/2-1/2"]
[WhiteElo "2161"]
[BlackElo "1873"]
[PlyCount "106"]
[EventDate "2019.09.22"]
[EventType "team"]
[EventRounds "9"]
[EventCountry "AUT"]
[WhiteTeam "ASK Kottingbrunn"]
[BlackTeam "SGM Bisamberg/Korneuburg"]

1. d4 Nf6 2. c4 c5 3. Nf3 e6 4. Nc3 cxd4 5. Nxd4 Bb4 6. g3 O-O 7. Bg2 d5 8. Qb3
Bxc3+ 9. bxc3 Nc6 10. cxd5 Nxd4 11. cxd4 Nxd5 12. O-O a5 13. Ba3 Re8 14. Rac1
b5 15. Qxb5 Ba6 16. Qb2 Rb8 17. Qd2 Qb6 18. Rfd1 Rec8 19. Bc5 Qb5 20. e4 Nf6
21. Bd6 Rxc1 22. Rxc1 Rc8 23. Rxc8+ Bxc8 24. Qc2 Ba6 25. h3 h6 26. Be7 Nd7 27.
Qc7 Nb6 28. d5 Nc4 29. dxe6 fxe6 30. Qd8+ Kh7 31. Qd4 Qb1+ 32. Kh2 e5 33. Qd7
Qb7 34. Qf5+ Kh8 35. Qe6 Qc8 36. Qxc8+ Bxc8 37. f4 Bb7 38. fxe5 Nxe5 39. Bd6
Nd3 40. e5 Bxg2 41. Kxg2 Kg8 42. e6 Nc1 43. a3 Nb3 44. Be5 g6 45. Kf3 Nc5 46.
Bc7 a4 47. e7 Kf7 48. Bd6 Ne6 49. Ke4 Ng5+ 50. Kd5 Nxh3 51. Kc6 Ke8 52. Kb5 Nf2
53. Kxa4 Ne4  1/2-1/2

[Event "NOE Landesliga 2019/20"]
[Site "verschiedene"]
[Date "2020.01.12"]
[Round "5"]
[Board "1"]
[White "Gasa, Andrej"]
[Black "Ernst, Michael"]
[Result "1/2-1/2"]
[WhiteElo "2213"]
[BlackElo "2199"]
[PlyCount "40"]
[EventDate "2019.09.22"]
[EventType "team"]
[EventRounds "9"]
[EventCountry "AUT"]
[WhiteTeam "SGM Mistelbach/Altlichtenwarth"]
[BlackTeam "SGM Voest Krems"]

1. e4 e6 2. d4 d5 3. Nc3 dxe4 4. Nxe4 Nd7 5. g3 Ngf6 6. Nxf6+ Nxf6 7. Bg2 Be7
8. Nf3 O-O 9. O-O c5 10. c3 cxd4 11. Qxd4 Qxd4 12. Nxd4 e5 13. Re1 Bd6 14. Nb5
Bb8 15. Be3 a6 16. Na3 Bc7 17. Bc5 Rd8 18. Nc4 Be6 19. Nb6 Rab8 20. c4 Nd7
 1/2-1/2

[Event "NOE Landesliga 2019/20"]
[Site "verschiedene"]
[Date "2020.01.12"]
[Round "5"]
[Board "2"]
[White "Wallner, Erich"]
[Black "Vrana, Frantisek"]
[Result "1/2-1/2"]
[WhiteElo "2209"]
[BlackElo "2254"]
[PlyCount "70"]
[EventDate "2019.09.22"]
[EventType "team"]
[EventRounds "9"]
[EventCountry "AUT"]
[WhiteTeam "SGM Voest Krems"]
[BlackTeam "SGM Mistelbach/Altlichtenwarth"]

1. d4 f5 2. g3 Nf6 3. Bg2 g6 4. c4 Bg7 5. Nh3 d6 6. d5 c6 7. Nc3 O-O 8. O-O e5
9. e4 cxd5 10. cxd5 Na6 11. Be3 fxe4 12. Ng5 Ng4 13. Ngxe4 Nxe3 14. fxe3 Bf5
15. Qe2 Rc8 16. g4 Bxe4 17. Rxf8+ Bxf8 18. Nxe4 Nc5 19. Nc3 Bh6 20. Re1 a6 21.
h3 Qh4 22. Rf1 Qg5 23. Re1 a5 24. Be4 Rf8 25. Bg2 Qh4 26. Rf1 Qg3 27. Rxf8+
Kxf8 28. Nd1 Ke7 29. Qf2 Qxf2+ 30. Kxf2 Nd3+ 31. Kf1 Bg5 32. Be4 Nc5 33. Bc2 b5
34. Nc3 b4 35. Ne4 Nxe4  1/2-1/2

[Event "NOE Landesliga 2019/20"]
[Site "verschiedene"]
[Date "2020.01.12"]
[Round "5"]
[Board "3"]
[White "Hofmann, Thomas"]
[Black "Scheffknecht, Philipp"]
[Result "0-1"]
[WhiteElo "2221"]
[BlackElo "2107"]
[PlyCount "68"]
[EventDate "2019.09.22"]
[EventType "team"]
[EventRounds "9"]
[EventCountry "AUT"]
[WhiteTeam "SGM Mistelbach/Altlichtenwarth"]
[BlackTeam "SGM Voest Krems"]

1. d4 Nf6 2. c4 g6 3. Nc3 Bg7 4. e4 d6 5. Be2 O-O 6. Be3 e5 7. d5 Na6 8. g4 Nc5
9. f3 a5 10. Nh3 c6 11. Nf2 cxd5 12. cxd5 Bd7 13. Qd2 a4 14. h4 Qa5 15. h5 Rfc8
16. hxg6 fxg6 17. Rb1 b5 18. Nd3 b4 19. Nd1 Nxd3+ 20. Bxd3 Bb5 21. b3 axb3 22.
axb3 Bxd3 23. Qxd3 h5 24. gxh5 Nxh5 25. Rb2 Qa6 26. Qd2 Nf4 27. Bxf4 exf4 28.
Qg2 Rc1 29. Rd2 Qa7 30. Ke2 Qa6+ 31. Kf2 Qb6+ 32. Kf1 Raa1 33. Qe2 Qe3 34. Rd3
Qxd3  0-1

[Event "NOE Landesliga 2019/20"]
[Site "verschiedene"]
[Date "2020.01.12"]
[Round "5"]
[Board "4"]
[White "Woeber, Friedrich"]
[Black "Mayer, Josef"]
[Result "1/2-1/2"]
[WhiteElo "2126"]
[BlackElo "2049"]
[PlyCount "86"]
[EventDate "2019.09.22"]
[EventType "team"]
[EventRounds "9"]
[EventCountry "AUT"]
[WhiteTeam "SGM Voest Krems"]
[BlackTeam "SGM Mistelbach/Altlichtenwarth"]

1. d4 Nf6 2. Bf4 d6 3. Nc3 g6 4. e4 Bg7 5. Qd2 c6 6. Bh6 Bxh6 7. Qxh6 Qa5 8. f3
Nbd7 9. Nge2 b5 10. Qd2 b4 11. Nd1 c5 12. c4 cxd4 13. Nxd4 Qb6 14. Ne3 Nc5 15.
Be2 Bd7 16. Nd5 Nxd5 17. cxd5 h5 18. O-O Kf8 19. Kh1 Kg7 20. Bc4 Rac8 21. b3 h4
22. Rae1 f6 23. f4 Rcf8 24. Qb2 Kg8 25. e5 fxe5 26. fxe5 Rxf1+ 27. Rxf1 Ne4 28.
exd6 exd6 29. Rf4 Bf5 30. Bd3 Ng3+ 31. hxg3 hxg3+ 32. Kg1 Bxd3 33. Rg4 Bf5 34.
Rf4 Kg7 35. Qe2 Rf8 36. Qe3 Rf7 37. Qxg3 Kf8 38. Qf2 Qc5 39. g4 Qc1+ 40. Kh2
Rh7+ 41. Kg3 Qh1 42. Qg2 Qe1+ 43. Qf2 Qh1  1/2-1/2

[Event "NOE Landesliga 2019/20"]
[Site "verschiedene"]
[Date "2020.01.12"]
[Round "5"]
[Board "1"]
[White "Polak, Tomas"]
[Black "Kranzl, Peter"]
[Result "1-0"]
[WhiteElo "2533"]
[BlackElo "2147"]
[PlyCount "77"]
[EventDate "2019.09.22"]
[EventType "team"]
[EventRounds "9"]
[EventCountry "AUT"]
[WhiteTeam "SV Stockerau"]
[BlackTeam "KSV Boehlerwerk"]

1. d4 Nf6 2. c4 c5 3. d5 b5 4. cxb5 g6 5. Nc3 Bg7 6. e4 d6 7. Nf3 O-O 8. a4 a6
9. Bd2 e6 10. dxe6 Bxe6 11. Be2 d5 12. exd5 Nxd5 13. O-O axb5 14. axb5 Rxa1 15.
Qxa1 Nb4 16. Qa7 Nd7 17. Ne4 Qa8 18. Qxa8 Rxa8 19. Nxc5 Nxc5 20. Bxb4 Na4 21.
Ng5 Bb3 22. Bf3 Rb8 23. Bc6 Bxb2 24. Bd6 Rc8 25. Ne4 Bd4 26. h4 h6 27. h5 Kg7
28. hxg6 fxg6 29. Re1 Rd8 30. Be7 Rb8 31. Nd2 Bf7 32. Nf3 Bc3 33. Rc1 Bb2 34.
Rc2 Bb3 35. Rxb2 Nxb2 36. Bd6 Rxb5 37. Bxb5 Nc4 38. Bc5 Kh7 39. Be7  1-0

[Event "NOE Landesliga 2019/20"]
[Site "verschiedene"]
[Date "2020.01.12"]
[Round "5"]
[Board "2"]
[White "Lovrinovic, Christian"]
[Black "Groetz, Harald"]
[Result "1/2-1/2"]
[WhiteElo "2137"]
[BlackElo "2322"]
[PlyCount "122"]
[EventDate "2019.09.22"]
[EventType "team"]
[EventRounds "9"]
[EventCountry "AUT"]
[WhiteTeam "KSV Boehlerwerk"]
[BlackTeam "SV Stockerau"]

{[%evp 0,20,19,34,29,0,43,33,44,50,31,37,46,46,36,34,50,49,65,67,50,51,65]} 1.
d4 Nf6 2. c4 g6 3. Nc3 Bg7 4. e4 d6 5. Nf3 O-O 6. Be2 e5 7. O-O Na6 8. Be3 Ng4
9. Bg5 f6 10. Bh4 Qe8 11. c5 exd4 12. Bxa6 dxc3 13. Bc4+ Kh8 14. bxc3 dxc5 15.
Qb3 b6 16. Rfe1 Bb7 17. a4 a6 18. Bg3 Qe7 19. Bh4 Rae8 20. Rad1 Rd8 21. Rxd8
Rxd8 22. Be6 Nh6 23. h3 Re8 24. Bc4 Qd7 25. Qc2 Bc6 26. Bxa6 Bxa4 27. Qd3 Nf7
28. Bg3 Ne5 29. Bxe5 fxe5 30. Qxd7 Bxd7 31. Bc4 Bc6 32. Ng5 Bh6 33. Ne6 Bd2 34.
Rd1 Bxc3 35. Nxc7 Rc8 36. Nd5 Bd4 37. Ne7 Rc7 38. Nxc6 Rxc6 39. Kf1 Kg7 40. Rb1
Kf6 41. Ke2 Bc3 42. Rb3 Bd4 43. h4 Ke7 44. Ra3 Rc7 45. Ra6 Rb7 46. Bd5 Rb8 47.
Ra7+ Kd6 48. Rxh7 b5 49. Rg7 c4 50. Rxg6+ Kc5 51. Rc6+ Kb4 52. h5 c3 53. h6 Rh8
54. g4 c2 55. Rxc2 Rxh6 56. Kf3 Bc5 57. Kg3 Rh1 58. Rb2+ Ka5 59. Rc2 Kb4 60.
Kg2 Rh4 61. Kg3 Rh1  1/2-1/2

[Event "NOE Landesliga 2019/20"]
[Site "verschiedene"]
[Date "2020.01.12"]
[Round "5"]
[Board "3"]
[White "Khachatouri, Saro"]
[Black "Danner, Lambert"]
[Result "1/2-1/2"]
[WhiteElo "2005"]
[BlackElo "2011"]
[PlyCount "22"]
[EventDate "2019.09.22"]
[EventType "team"]
[EventRounds "9"]
[EventCountry "AUT"]
[WhiteTeam "SV Stockerau"]
[BlackTeam "KSV Boehlerwerk"]

1. c4 f5 2. Nc3 Nf6 3. g3 d6 4. Bg2 e6 5. e3 g6 6. Nge2 Bg7 7. Rb1 a5 8. a3 O-O
9. O-O e5 10. d3 Be6 11. b4 axb4  1/2-1/2

[Event "NOE Landesliga 2019/20"]
[Site "verschiedene"]
[Date "2020.01.12"]
[Round "5"]
[Board "4"]
[White "Neumann, Christian"]
[Black "Schirmbeck, Hannes"]
[Result "1/2-1/2"]
[WhiteElo "1981"]
[BlackElo "2102"]
[PlyCount "88"]
[EventDate "2019.09.22"]
[EventType "team"]
[EventRounds "9"]
[EventCountry "AUT"]
[WhiteTeam "KSV Boehlerwerk"]
[BlackTeam "SV Stockerau"]

1. c4 e5 2. Nc3 Nc6 3. g3 Nf6 4. Bg2 Bc5 5. e3 O-O 6. Nge2 Re8 7. O-O a5 8. d4
Ba7 9. d5 Ne7 10. Qa4 Bc5 11. e4 d6 12. Bg5 Bd7 13. Qc2 Ng6 14. h3 Rf8 15. Rad1
Qe7 16. Qd3 h6 17. Be3 Bxe3 18. Qxe3 c5 19. Kh2 Ne8 20. g4 Nc7 21. a4 Na6 22.
Rd2 Nb4 23. f3 Rad8 24. b3 Qh4 25. Kg1 Na6 26. Nd1 Nc7 27. Nf2 Ne8 28. Nd3 b6
29. f4 exf4 30. Nexf4 Nxf4 31. Rxf4 Nf6 32. Rdf2 Rde8 33. Qf3 Re7 34. Rxf6 Qxf6
35. Qxf6 gxf6 36. Rxf6 Kg7 37. Rxd6 Rb8 38. e5 h5 39. g5 Bf5 40. Nf4 Rxe5 41.
Nxh5+ Kf8 42. Rh6 Kg8 43. Nf6+ Kg7 44. Nh5+ Kg8  1/2-1/2

[Event "NOE Landesliga 2019/20"]
[Site "verschiedene"]
[Date "2020.01.26"]
[Round "6"]
[Board "1"]
[White "Mostbauer, Florian"]
[Black "Hofmann, Thomas"]
[Result "1/2-1/2"]
[WhiteElo "2338"]
[BlackElo "2221"]
[PlyCount "100"]
[EventDate "2019.09.22"]
[EventType "team"]
[EventRounds "9"]
[EventCountry "AUT"]
[WhiteTeam "KSV Boehlerwerk"]
[BlackTeam "SGM Mistelbach/Altlichtenwarth"]

1. Nf3 c5 2. e3 d5 3. d4 Nf6 4. c4 cxd4 5. exd4 Nc6 6. Nc3 Bg4 7. cxd5 Nxd5 8.
Qb3 Bxf3 9. gxf3 e6 10. Qxb7 Nxd4 11. Bb5+ Nxb5 12. Qc6+ Ke7 13. Qxb5 Qd7 14.
Nxd5+ Qxd5 15. Qxd5 exd5 16. Bd2 Ke6 17. O-O-O Bc5 18. Rhe1+ Kd6 19. Re2 a5 20.
Bc3 f6 21. Red2 Ke6 22. Rxd5 Bxf2 23. a4 Rhc8 24. Rd7 Ra7 25. R1d6+ Kf5 26.
Rxa7 Bxa7 27. Rd7 Bb8 28. Rxg7 Bxh2 29. Kd2 Bf4+ 30. Kd3 h5 31. Bxa5 Ra8 32. b4
h4 33. Kc4 h3 34. Rh7 h2 35. Kb5 Re8 36. Bb6 Re1 37. a5 h1=Q 38. Rxh1 Rxh1 39.
a6 Bb8 40. a7 Bxa7 41. Bxa7 Ke5 42. Kc6 Rf1 43. b5 Rxf3 44. b6 Rb3 45. b7 Rxb7
46. Kxb7 f5 47. Bb8+ Ke4 48. Ka8 Ke3 49. Bh2 f4 50. Bxf4+ Kxf4  1/2-1/2

[Event "NOE Landesliga 2019/20"]
[Site "verschiedene"]
[Date "2020.01.26"]
[Round "6"]
[Board "2"]
[White "Vrana, Frantisek"]
[Black "Hellmayr, Alois"]
[Result "1-0"]
[WhiteElo "2254"]
[BlackElo "2258"]
[PlyCount "69"]
[EventDate "2019.09.22"]
[EventType "team"]
[EventRounds "9"]
[EventCountry "AUT"]
[WhiteTeam "SGM Mistelbach/Altlichtenwarth"]
[BlackTeam "KSV Boehlerwerk"]

1. d4 Nf6 2. Nf3 e6 3. Bf4 d5 4. Nbd2 Bd6 5. Bg3 b6 6. e3 O-O 7. Bd3 Ba6 8. c4
c5 9. O-O Bxg3 10. hxg3 Nbd7 11. Qa4 Bb7 12. cxd5 Bxd5 13. Rfe1 Qe7 14. e4 Bb7
15. e5 Nd5 16. Ne4 cxd4 17. Qxd4 h6 18. a3 Nc5 19. Nxc5 bxc5 20. Qe4 g6 21. Qe2
Rab8 22. Rac1 Rfc8 23. Qd2 Kg7 24. Rc4 Nb6 25. Rh4 Rh8 26. Qe3 Bd5 27. Nd2 Rbd8
28. Rc1 Rc8 29. Qe2 Rc7 30. Nf1 c4 31. Bb1 c3 32. Ne3 cxb2 33. Qxb2 Rxc1+ 34.
Qxc1 Rc8 35. Nf5+  1-0

[Event "NOE Landesliga 2019/20"]
[Site "verschiedene"]
[Date "2020.01.26"]
[Round "6"]
[Board "3"]
[White "Lovrinovic, Christian"]
[Black "Teuber, Andreas"]
[Result "1/2-1/2"]
[WhiteElo "2137"]
[BlackElo "2116"]
[PlyCount "38"]
[EventDate "2019.09.22"]
[EventType "team"]
[EventRounds "9"]
[EventCountry "AUT"]
[WhiteTeam "KSV Boehlerwerk"]
[BlackTeam "SGM Mistelbach/Altlichtenwarth"]

1. d4 d5 2. c4 dxc4 3. e4 e5 4. d5 Nf6 5. Nc3 c6 6. Bg5 Qb6 7. Bxf6 gxf6 8. Qd2
Qd4 9. Nf3 Qxd2+ 10. Nxd2 Bd6 11. Nxc4 Bb4 12. Ne3 Ba5 13. Be2 Nd7 14. Rb1 O-O
15. O-O Bxc3 16. bxc3 Nc5 17. f3 cxd5 18. Nxd5 Kg7 19. Nc7 Rb8  1/2-1/2

[Event "NOE Landesliga 2019/20"]
[Site "verschiedene"]
[Date "2020.01.26"]
[Round "6"]
[Board "4"]
[White "Hecko, Dusan"]
[Black "Neumann, Christian"]
[Result "1-0"]
[WhiteElo "2039"]
[BlackElo "1981"]
[PlyCount "51"]
[EventDate "2019.09.22"]
[EventType "team"]
[EventRounds "9"]
[EventCountry "AUT"]
[WhiteTeam "SGM Mistelbach/Altlichtenwarth"]
[BlackTeam "KSV Boehlerwerk"]

1. c4 e5 2. Nc3 Nc6 3. Nf3 f5 4. d3 Nf6 5. g3 Be7 6. Bg2 O-O 7. O-O d6 8. Rb1
a5 9. a3 h6 10. b4 axb4 11. axb4 Be6 12. b5 Na5 13. Qc2 g5 14. Bb2 c6 15. bxc6
bxc6 16. Ra1 Qb6 17. Rfb1 f4 18. Bc1 Qa7 19. e3 fxg3 20. hxg3 Ng4 21. Ra4 Bd8
22. Ne4 d5 23. cxd5 cxd5 24. Nc5 Rc8 25. Ba3 Be7 26. Rb5  1-0

[Event "NOE Landesliga 2019/20"]
[Site "verschiedene"]
[Date "2020.01.26"]
[Round "6"]
[Board "1"]
[White "Froewis, Georg"]
[Black "Schmidrathner, Christian"]
[Result "1-0"]
[WhiteElo "2429"]
[BlackElo "2092"]
[PlyCount "61"]
[EventDate "2019.09.22"]
[EventType "team"]
[EventRounds "9"]
[EventCountry "AUT"]
[WhiteTeam "SGM Voest Krems"]
[BlackTeam "SGM Bisamberg/Korneuburg"]

1. Nf3 Nf6 2. g3 d6 3. d4 Nbd7 4. Bg2 e5 5. O-O e4 6. Nfd2 d5 7. c4 c6 8. Nc3
h5 9. cxd5 cxd5 10. f3 h4 11. fxe4 hxg3 12. h3 Ne5 13. Qe1 Ng6 14. Qxg3 Nh4 15.
e5 Nxg2 16. exf6 gxf6 17. Kxg2 Bxh3+ 18. Kf2 Bxf1 19. Nxf1 Qd7 20. Qf3 O-O-O
21. Bf4 Rh3 22. Ng3 Bd6 23. Rc1 Kb8 24. Bxd6+ Qxd6 25. Nb5 Qxg3+ 26. Qxg3+ Rxg3
27. Kxg3 a6 28. Nc3 Rc8 29. Rf1 Rc6 30. Rf5 b5 31. a3  1-0

[Event "NOE Landesliga 2019/20"]
[Site "verschiedene"]
[Date "2020.01.26"]
[Round "6"]
[Board "2"]
[White "Pammer, Andreas"]
[Black "Scheffknecht, Philipp"]
[Result "0-1"]
[WhiteElo "2074"]
[BlackElo "2107"]
[PlyCount "92"]
[EventDate "2019.09.22"]
[EventType "team"]
[EventRounds "9"]
[EventCountry "AUT"]
[WhiteTeam "SGM Bisamberg/Korneuburg"]
[BlackTeam "SGM Voest Krems"]

1. g3 g6 2. Bg2 Bg7 3. c4 Nc6 4. Nc3 e5 5. d3 d6 6. e3 f5 7. Nge2 Nf6 8. O-O
O-O 9. Rb1 a5 10. a3 Kh8 11. b4 axb4 12. axb4 Qe8 13. b5 Nd8 14. Nd5 Ne6 15.
Nec3 Nd7 16. Na4 Ndc5 17. Nxc5 dxc5 18. Bb2 Qf7 19. Ra1 Rb8 20. f4 exf4 21.
Bxg7+ Qxg7 22. Nxf4 Nxf4 23. gxf4 Be6 24. Ra7 Rfd8 25. Qc2 Qd7 26. Rd1 b6 27.
Qc3+ Kg8 28. Qe5 Qd6 29. Qc3 Bf7 30. Bf3 Re8 31. Kf2 Re7 32. Rda1 Rbe8 33. Re1
Rd8 34. Ra3 Red7 35. Rd1 Qe7 36. h3 Qh4+ 37. Kg2 Qe7 38. Kf2 Re8 39. Qc1 Qh4+
40. Kg2 Rde7 41. Re1 g5 42. fxg5 f4 43. Be4 Qg3+ 44. Kf1 f3 45. Qc2 Rxe4 46.
dxe4 Be6  0-1

[Event "NOE Landesliga 2019/20"]
[Site "verschiedene"]
[Date "2020.01.26"]
[Round "6"]
[Board "3"]
[White "Ernst, Michael"]
[Black "Haider, Johann"]
[Result "1/2-1/2"]
[WhiteElo "2199"]
[BlackElo "1865"]
[PlyCount "52"]
[EventDate "2019.09.22"]
[EventType "team"]
[EventRounds "9"]
[EventCountry "AUT"]
[WhiteTeam "SGM Voest Krems"]
[BlackTeam "SGM Bisamberg/Korneuburg"]

1. d4 g6 2. Bf4 d6 3. Nf3 Bg7 4. e3 Nf6 5. h3 O-O 6. Be2 Nbd7 7. c4 Qe8 8. Bh2
e5 9. Nc3 c6 10. O-O Qe7 11. b4 Re8 12. c5 dxc5 13. bxc5 Nd5 14. Nxd5 cxd5 15.
Bb5 e4 16. Nd2 Qe6 17. Qa4 Re7 18. Bd6 Re8 19. Bc7 a6 20. Rab1 Rf8 21. Bd6 Rd8
22. Rfc1 Nb6 23. Qa5 axb5 24. Qxb6 Bd7 25. Nb3 Rdc8 26. Qxb7 Bc6  1/2-1/2

[Event "NOE Landesliga 2019/20"]
[Site "verschiedene"]
[Date "2020.01.26"]
[Round "6"]
[Board "4"]
[White "Merei, David"]
[Black "Woeber, Friedrich"]
[Result "0-1"]
[WhiteElo "1873"]
[BlackElo "2126"]
[PlyCount "82"]
[EventDate "2019.09.22"]
[EventType "team"]
[EventRounds "9"]
[EventCountry "AUT"]
[WhiteTeam "SGM Bisamberg/Korneuburg"]
[BlackTeam "SGM Voest Krems"]

1. e4 c5 2. Nf3 Nc6 3. d4 cxd4 4. c3 dxc3 5. Nxc3 d6 6. Bc4 e6 7. O-O Nf6 8.
Qe2 a6 9. Rd1 Qc7 10. a4 Be7 11. h3 O-O 12. Bf4 Bd7 13. Rac1 Ne5 14. Nxe5 dxe5
15. Be3 Qa5 16. Bb3 Qb4 17. Qc2 Rac8 18. Bg5 Bc6 19. Bxf6 Bxf6 20. Re1 Rfd8 21.
Na2 Qd4 22. Qc3 Qxc3 23. Rxc3 Rd2 24. Bc2 Be7 25. Rd1 Rxd1+ 26. Bxd1 Rd8 27.
Bc2 Rd7 28. b3 g6 29. Kf1 f5 30. f3 Rd2 31. Nc1 Bb4 32. Rc4 Rd4 33. Nd3 Rxc4
34. bxc4 Bc3 35. Nc5 Kf7 36. Ke2 Ke7 37. exf5 exf5 38. Nd3 Kd6 39. c5+ Kd5 40.
Bb3+ Kd4 41. Nb4 Bxb4  0-1

[Event "NOE Landesliga 2019/20"]
[Site "verschiedene"]
[Date "2020.01.26"]
[Round "6"]
[Board "2"]
[White "Janetschek, Karl"]
[Black "Schroll, Gerhard"]
[Result "1/2-1/2"]
[WhiteElo "2222"]
[BlackElo "2317"]
[PlyCount "75"]
[EventDate "2019.09.22"]
[EventType "team"]
[EventRounds "9"]
[EventCountry "AUT"]
[WhiteTeam "SK Zwettl"]
[BlackTeam "ASK Kottingbrunn"]

1. e4 Nf6 2. e5 Nd5 3. d4 d6 4. c4 Nb6 5. f4 dxe5 6. fxe5 Nc6 7. Be3 Bf5 8. Nc3
e6 9. Nf3 Be7 10. Be2 O-O 11. O-O f6 12. Rc1 fxe5 13. dxe5 Nd7 14. Nb5 a6 15.
Nbd4 Ndxe5 16. Nxe5 Nxe5 17. g4 Be4 18. Nxe6 Qxd1 19. Rcxd1 Nf3+ 20. Bxf3 Rxf3
21. Rxf3 Bxf3 22. Rd7 Bf6 23. Bd4 Bxd4+ 24. Rxd4 Re8 25. Nxc7 Re2 26. Rf4 Bc6
27. Nd5 Bxd5 28. cxd5 Rxb2 29. Rd4 Kf7 30. d6 Ke8 31. Re4+ Kd7 32. Re7+ Kxd6
33. Rxg7 b5 34. Rxh7 Rxa2 35. g5 b4 36. Rb7 Ra5 37. Rxb4 Rxg5+ 38. Kf2  1/2-1/2